[Event "DEM U12/U12w 2006"]
[Site "Willingen GER"]
[Date "2006.06.08"]
[Round "8"]
[White "Krtschil, Anna"]
[Black "Brühan, Caren"]
[Result "1-0"]
[Termination "normal"]
[Board "48"]
[WhiteElo "1077"]
[BlackElo "1054"]
[PlyCount "59"]
[WhiteFideId "4611144"]
[BlackFideId "24691976"]
[EventCountry "GER"]
[EventRounds "11"]
[EventType "swiss"]
[EventDate "2006.06.03"]

1. e4 e5 2. Nf3 Nc6 3. Bb5 Nf6 4. Qe2 Bc5 5. O-O d6 6. c3 a6 7. Ba4 b5 8. Bb3
O-O 9. h3 Be6 10. Bc2 b4 11. Rd1 Qe7 12. d3 a5 13. Ng5 h6 14. Nxe6 fxe6 15. Ba4
Ra6 16. d4 Rb6 17. dxc5 dxc5 18. Nd2 bxc3 19. bxc3 Nd8 20. Nc4 Ra6 21. Nxe5 Kh7
22. Qxa6 Nxe4 23. Bc2 Qf6 24. Bxe4+ Kg8 25. Ng4 Qxc3 26. Rb1 c6 27. Rb8 Nf7 28.
Rxf8+ Kxf8 29. Qc8+ Ke7 30. Rd7# 1-0

[Event "DEM U12/U12w 2006"]
[Site "Willingen GER"]
[Date "2006.06.08"]
[Round "8"]
[White "Veelders, Wiebke"]
[Black "Hüglin, Larissa"]
[Result "1-0"]
[Termination "normal"]
[Board "49"]
[WhiteElo "997"]
[BlackElo "793"]
[PlyCount "77"]
[WhiteFideId "1270955"]
[BlackFideId "12911933"]
[EventCountry "GER"]
[EventRounds "11"]
[EventType "swiss"]
[EventDate "2006.06.03"]

1. e4 e5 2. Nf3 Nc6 3. Bc4 Bc5 4. c3 Nf6 5. O-O Nxe4 6. d4 exd4 7. cxd4 Na5 8.
Re1 Nxc4 9. dxc5 d5 10. b3 Na5 11. Bd2 b6 12. Bxa5 bxa5 13. Nc3 O-O 14. Nxd5 c6
15. Nf4 Bf5 16. Qxd8 Raxd8 17. Nh4 g6 18. Nxf5 gxf5 19. Rac1 Rd7 20. Nh5 Rfd8
21. f3 Rd2 22. fxe4 fxe4 23. a4 h6 24. Nf6+ Kg7 25. Nxe4 R2d4 26. Rc3 f5 27.
Rg3+ Kf7 28. Nd6+ Kf6 29. Rf3 Rb8 30. Rxf5+ Kg6 31. Re6+ Kg7 32. Rf7+ Kg8 33.
Rg6+ Kh8 34. h3 Rxb3 35. Nf5 Rd8 36. Rfg7 Rd1+ 37. Kh2 Rd6 38. cxd6 Rd3 39.
Rxh6# 1-0

[Event "DEM U12/U12w 2006"]
[Site "Willingen GER"]
[Date "2006.06.08"]
[Round "8"]
[White "Marquardt, Annabelle"]
[Black "Alt, Elisabeth"]
[Result "1-0"]
[Termination "normal"]
[Board "50"]
[WhiteElo "872"]
[BlackElo "782"]
[PlyCount "49"]
[WhiteFideId "12900125"]
[BlackFideId "24692620"]
[EventCountry "GER"]
[EventRounds "11"]
[EventType "swiss"]
[EventDate "2006.06.03"]

1. e4 e5 2. Nf3 Nc6 3. Bc4 Bc5 4. d3 Nf6 5. Bg5 h6 6. Bh4 d6 7. h3 Be6 8. Bb3
Nd4 9. c3 Nxf3+ 10. Qxf3 g5 11. Bg3 g4 12. Qd1 h5 13. Bh4 Rg8 14. d4 exd4 15.
cxd4 Bb4+ 16. Nc3 Nxe4 17. Bxd8 gxh3 18. gxh3 Rg2 19. Qf3 Rxf2 20. Qxe4 Rxb2
21. Bxe6 Bxc3+ 22. Kf1 fxe6 23. Qxe6+ Kf8 24. Qe7+ Kg8 25. Rg1+ 1-0